| 000 | 03089nam0a22003011 4500 | ||
|---|---|---|---|
| 001 | rc\4645368 | ||
| 005 | 20260407151708.0 | ||
| 021 |
_aRU _b[67-74664] |
||
| 035 | _a(NLR Aleph) 008687939 | ||
| 090 |
_a9220364 _c9220364 |
||
| 100 | _a20130416d1967 |||y0rusy50 ca | ||
| 101 | 0 | _arus | |
| 102 | _aRU | ||
| 105 | _ay z ||||| | ||
| 200 | 1 |
_a[Доклады] _fЦНИИСК им. В.А. Кучеренко Госстроя СССР. Центр. и Каз. правл. НТО стройиндустрии. Госстрой Каз. ССР. Казпростроийниипроект. Казгорстройпроект. ЦК Профсоюза рабочих строительства и пром-сти строит. материалов. Совещание "Совершенствование методов расчета и конструирования зданий и сооружений, возводимых в сейсм. районах", Алма-Ата. Сент. 1967 г. |
|
| 210 |
_aДушанбе _cБ. и. _d1967 |
||
| 215 |
_a26 с. _cграф. _d20 |
||
| 327 | 1 | _aСодерж.: Основные результаты испытания модели секции крупнопанельного дома на горизонтальные нагрузки / А.В. Триппель, Х. Гусейнов, А.Е. Асприц. Анализ работы многоэтажных каркасных зданий с жесткими узлами при сейсм. воздействиях / А.В. Триппель | |
| 464 | 0 |
_12001#$aОсновные результаты испытания модели секции крупнопанельного дома на горизонтальные нагрузки _1700#1$aТриппель$bА.В. _1701#1$aГусейнов$bХ. _1701#1$aАсприц$bА.Е. _tОсновные результаты испытания модели секции крупнопанельного дома на горизонтальные нагрузки _aТриппель, А.В. |
|
| 464 | 0 |
_12001#$aАнализ работы многоэтажных каркасных зданий с жесткими узлами при сейсмологических воздействиях _1700#1$aТриппель$bА.В. _tАнализ работы многоэтажных каркасных зданий с жесткими узлами при сейсмологических воздействиях _aТриппель, А.В. |
|
| 606 |
_aСейсмостойкое строительство _jСборники _2psbo |
||
| 606 |
_aСейсмостойкие здания и постройки _xРасчет _jСборники _2psbo |
||
| 710 | 1 | 2 |
_a"Совершенствование методов расчета и конструирования зданий и сооружений, возводимых в сейсмических районах", совещание _f1967 _eАлма-Ата _3RU\NLR\AUTH\8810091700 _9684661 |
| 801 | 0 |
_aRU _bNLR _gpsbo |
|
| 801 | 1 |
_aRU _bELAR _2rusmarc |
|
| 852 |
_aNLR _j67-4/18644 |
||
| 942 | _cBOOK | ||
| 980 | _aNB | ||